000 00561cam a2200181 a 4500
020 _a0419126309 :
082 0 _a620.136
_bRIX
_cL-39, P-77
100 1 _aRixom, M. R.
_941033
245 1 0 _aChemical admixtures for concrete /
_cM.R. Rixom and N.P. Mailvaganam.
250 _a2nd ed.
260 _aLondon ;
_aNew York :
_bE. & F.N. Spon,
_c1986.
300 _axvi, 306 p. :
_bill. ;
_c24 cm.
526 _a0
_b0
_c0
_d620_136000000000000_RIX
650 0 _aConcrete
_xAdditives.
_9565
650 0 _aMCE
_9379
700 1 _aMailvaganam, N. P.
_941034
942 _2ddc
_cBK
999 _c545236
_d545236